000 00451nam a2200169 i 4500
001 35877
003 ES-MaACL
005 20230906155232.0
007 t|
008 030214s1911 fr ||||1| fre d
100 1 _aBréhier, Louis.
_931559
245 1 2 _aL'eglise et l'orient au moyen age
_b: les croisades /
_cLouis Bréhier.
250 _a3ª ed.
260 _aParis :
_b[s.n.],
_c1911.
300 _a379 p. ;
_c18 cm.
852 _aES-MaACL
_jG-231
999 _c35877
_d35877